Statistics for 10 Famous Ann/Anne/Anna/Annettes: Picture Quiz

Click here to take the quiz!

General Stats

  • This quiz has been taken 47 times
  • The average score is 5 of 10

Answer Stats

Answer% Correct
Frank
100%
Hathaway
81%
Boleyn
67%
Kendrick
64%
Lennox
45%
Bening
33%
Bronte
33%
Kournikova
21%
Bancroft
17%
Friel
10%

Score Distribution

Percentile by Number Answered

Percent of People with Each Score

Your Score History

You have not taken this quiz